| 000 | 00415nam a2200181Ia 4500 | ||
|---|---|---|---|
| 001 | 3083 | ||
| 005 | 20260306144854.0 | ||
| 008 | 260306t1994||||xx |||||||||||||| ||spa|| | ||
| 041 | _aESP | ||
| 082 |
_a249.8 _bJ81A |
||
| 100 |
_aJuan Pablo II, Papa _eAUT |
||
| 245 | 0 | _aCarta a las familias | |
| 260 | _c1994 | ||
| 300 |
_a100 páginas : _c20 cm. |
||
| 650 | _aGEN | ||
| 654 | _aCHU | ||
| 942 |
_cLIB _dJUS _fJUS _2ddc _n |
||
| 999 |
_c3083 _d3083 |
||